000 01133nam a2200133Ia 4500
008 220616s9999||||xx |||||||||||||| ||und||
020 _a9783040000000
245 0 _aIonic Conductive Membranes for Fuel Cells
546 _aEnglish[eng]
650 _aproton exchange membranes||PEMFC||PFSA annealing||hydration||nc index||PPSU||High IEC, CSPPSU||activation||PEMFCs||PVA:CS polymer blend||NH4I salt||XRD and FESEM||impedance||dielectric properties||TNM and LSV study||fuel cell technology||energy||polymer electrolyte membrane fuel cells (PEMFCs)||solid oxide fuel cells (SOFCs)||direct methanol fuel cells (DMFCs)||reverse electrodialysis||Nafion||brine||semi-crystalline polymers||small-angle neutron scattering||bioremediation||renewable energy||organic pollutants||electrogens||wastewater||proton exchange membrane fuel cells||radical scavengers||halloysite||cerium oxide||PEM||PEFC||ionomer||polymer electrolyte membrane||polymer electrolyte membrane fuel cell||proton exchange membrane||proton exchange membrane fuel cell||n/a
700 _aNarducci, Riccardo
856 _uhttps://mdpi.com/books/pdfview/book/4794
942 _cEB
999 _c19906
_d19906